00801nas a2200265 4500001001300000003000900013005001700022007000300039008003400042040005400076041000900130072000800139100002400147100001600171100002000187100001600207100001800223245009400241650001100335650001400346650002300360650002500383650001500408773011200423BR2015001564BR-BrBNA20231205125125.0ta230509b bl.|||p| |||| 00| 00por d aBR-BrBNAbporcBiblioteca Nacional de Agricultura a(Pt) aF301 aOliveira, N.N.S. de1 aViana, A.P.1 aQuintal, S.S.R.1 aPaiva, C.L.1 aMarinho, C.S.1 aAnálise de distância genética entre acessos do gênero Psidium via marcadores ISSR aGOIABA aARAÇÁ aMARCADOR MOLECULAR aBANCO DE GERMOPLASMA aGENÓTIPO0 tRevista Brasileira de Fruticultura (Brazil)xISSN 0100-2945 g(Dec 2014), v. 36(4) p. 917-923wBR2015001564